00374nam a2200133Ia 450000500170000000800410001702000150005808200140007310000160008724500780010365000180018165000200019965000210021920240606003315.0240331s9999 xx 000 0 und d a0195138058 bBORa361  aBornstein,D 0aHow to change the world :bsocial entrepreneurs and the power of new ides aSocial action aSocial service  aSocial reformers